000 00351cam a22001097a 4500
008 180718b1956 xxu||||| |||| 00| 0 eng d
082 _aB73x5412 B436m/CIT
100 _aWest Bengal. Local Self-Government Department
245 _aCalcutta Improvement Trust manual (corrected up to November 1951)
260 _aAlipore
_bThe author
_c1956
300 _a62p.
999 _c488524
_d488524